000 00832cam a2200193 i 4500
005 20251202111745.0
008 250721s1995 le gr 000 0 ara d
082 1 4 _a213.63
_bص ا ل
100 1 _aالصالحي، شمس الدين محمد بن علي بن طولون
_d-953ه،
_eمؤلف.
245 1 0 _aكتاب الأربعين :
_bفي فضل الرحمة والراحمين /
_cشمس الدين محمد بن علي بن طولون الصالحي ؛ حققه وخرج احاديثه محمد خير رمضان يوسف.
264 3 1 _aبيروت :
_bإبن حزم للطباعة والنشر،
_c1995.
300 _a175صفحه.
650 1 7 _aالأحاديث.
650 1 7 _aالرحمة.
650 1 7 _aالله.
650 1 7 _aالعقيدة الدينية.
942 _2ddc
_cBK
999 _c98953
_d98953